1245 1580 1054 1381 1525 1796 1022 1488 1116 1920 1992 1308 1195 1315 1954 1443 1221 1634 1778 1855 1633 1480 1490 1023 1963 1846 1638 1523 1198 1481 1752 1350 1948 1249 2000 1027 1756 1288 1476 1853 1255 1393 1852 1727 1754 1202 1132 1478 1537 1806 1833 1169 1342 1834 1770 1257 1385 1918 1567 1288 1853 1826 1043 1066 1031 1117 1706 1452 1744 1866 1974 1538 1775 1596 1100 1662 1375 1938 1791 2000 1876 1687 1404 1629 1426 1662 1619 1758 1656 1735 1237 1709 1884 1031 1651 1497 1148 1108 1322 BCNSPRNW ULIB Ver.6.0+V

เปลี่ยนเป็นภาษาไทย

Change to English
 แสดงรายละเอียดบรรณานุกรม
  กลับหน้าหลัก

Brief Record : Get Marc (ISO 2709) : E-mail record : QR code < ปิดหน้าต่าง
LEADER : 00000nam 2200000uu 4500
001    13399123612
003     ULIB
008    141017s2551||||th 000 0 tha d
020    ^a9789744516244
060 04 ^aWY16^bบ128
100 0  ^aสมจิต หนุเจริญกุล
245 00 ^aบทเรียนจากกรณีศึกษาเส้นทางสู่ความสำเร็จของพยาบาลเวชปฏิบัติ. /^cสมจิต หนุเจริญกุล
250    พิมพ์ครั้งที่ 2
260    ^aกรุงเทพฯ :^bสถาบันวิจัยและพัฒนาระบบสุขภาพชุมชน,^c2551
300    ^a116 หน้า ;^c21 ซม.
536    ^aได้รับทุนสนับสนุนจากสถาบันวิจัยและพัฒนาระบบสาธารณสุข
650  4 ^aพยาบาล^xวิจัย
650  4 ^aวิจัย
710 2  ^aสถาบันวิจัยและพัฒนาระบบสุขภาพชุมชน
945    ^p130^l0^i21532
945    ^p130^l0^i21533
945    ^p130^l0^i21534
945    ^p130^l0^i21535
945    ^p130^l0^i21536
945    ^p130^l0^i21537
945    ^p130^l0^i21538
945    ^p130^l0^i21539
945    ^p130^l0^i21540
945    ^p130^l0^i21541
995    ^aทศพร
999    ^aทศพร เกษรทอง
รายการนี้ยังไม่มีแท็ก
คุณยังไม่ได้ล็อกอิน คุณสามารถมีกิจกรรมร่วมกับเว็บไซต์ได้ แต่ต้องล็อกอินก่อน ::
  ล็อกอิน

รายการสื่อสารสนเทศ

ลำดับที่ ประเภท เลขเรียก/บาร์โค้ด สถานที่ สถานะ
1. Book การพยาบาล
หนังสือสำรอง
สถานะ=หนังสือสำรอง
WY16 บ128 ฉ.1 
  Barcode: 21532
ห้องสมุดวิทยาเขตนครสวรรค์
►ส่วนจัดเก็บหนังสือเก่า นว.
บนชั้น
  ขอยืม
2. Book การพยาบาล
Book การพยาบาล
WY16 บ128 ฉ.10 
  Barcode: 21541
ห้องสมุดวิทยาเขตนครสวรรค์
►ส่วนจัดเก็บหนังสือเก่า นว.
บนชั้น
  ขอยืม
3. Book การพยาบาล
Book การพยาบาล
WY16 บ128 ฉ.2 
  Barcode: 21533
ห้องสมุดวิทยาเขตนครสวรรค์
►ส่วนจัดเก็บหนังสือเก่า นว.
บนชั้น
  ขอยืม
4. Book การพยาบาล
Book การพยาบาล
WY16 บ128 ฉ.3 
  Barcode: 21534
ห้องสมุดวิทยาเขตนครสวรรค์
►ส่วนจัดเก็บหนังสือเก่า นว.
บนชั้น
  ขอยืม
5. Book การพยาบาล
Book การพยาบาล
WY16 บ128 ฉ.4 
  Barcode: 21535
ห้องสมุดวิทยาเขตนครสวรรค์
►ส่วนจัดเก็บหนังสือเก่า นว.
บนชั้น
  ขอยืม
6. Book การพยาบาล
Book การพยาบาล
WY16 บ128 ฉ.5 
  Barcode: 21536
ห้องสมุดวิทยาเขตนครสวรรค์
►ส่วนจัดเก็บหนังสือเก่า นว.
บนชั้น
  ขอยืม
7. Book การพยาบาล
Book การพยาบาล
WY16 บ128 ฉ.6 
  Barcode: 21537
ห้องสมุดวิทยาเขตนครสวรรค์
►ส่วนจัดเก็บหนังสือเก่า นว.
บนชั้น
  ขอยืม
8. Book การพยาบาล
Book การพยาบาล
WY16 บ128 ฉ.7 
  Barcode: 21538
ห้องสมุดวิทยาเขตนครสวรรค์
►ส่วนจัดเก็บหนังสือเก่า นว.
บนชั้น
  ขอยืม
9. Book การพยาบาล
Book การพยาบาล
WY16 บ128 ฉ.8 
  Barcode: 21539
ห้องสมุดวิทยาเขตนครสวรรค์
►ส่วนจัดเก็บหนังสือเก่า นว.
บนชั้น
  ขอยืม
10. Book การพยาบาล
Book การพยาบาล
WY16 บ128 ฉ.9 
  Barcode: 21540
ห้องสมุดวิทยาเขตนครสวรรค์
►ส่วนจัดเก็บหนังสือเก่า นว.
บนชั้น
  ขอยืม

รายการใกล้เคียง
    ผู้แต่ง [สมจิต หนุเจริญกุล]

    หัวเรื่อง [วิจัย]

BibComment


ยังไม่เคยถูกคอมเมนท์

คอมเมนท์ทรัพยากรรายการนี้
  คอมเมนท์: บทเรียนจากกรณีศึ..


 Copyright 2026. Bcnsprnw @Library